|
|
|
|
| LEADER |
00901nam a2200241 a 4500 |
| 001 |
00025115 |
| 008 |
120531r20122004enka j 000 1 eng |
| 020 |
|
|
|a 9780194238700
|
| 040 |
|
|
|a BD-DhAAL
|c BD-DhAAL
|
| 082 |
0 |
4 |
|a 428.6
|
| 999 |
|
|
|c 12300
|d 12300
|
| 999 |
|
|
|c 12300
|
| 999 |
|
|
|c 12300
|
| 245 |
1 |
0 |
|a The little red hen /
|c edited bySue Arengo ;[illustrated by Bruno Robert].
|
| 260 |
|
|
|a Oxford :
|b Oxford University Press,
|c 2004.[reprinted 2012]
|
| 300 |
|
|
|a 24 p. :
|b col. ill. ;
|c 25cm.
|
| 490 |
1 |
|
|a Classic tales ;
|v Level 1
|
| 541 |
1 |
|
|e 00025114
|
| 650 |
|
0 |
|a Readers (Elementary)
|9 1819
|
| 700 |
1 |
|
|a Arengo, Sue
|9 1820
|
| 852 |
1 |
|
|a Ayesha Abed library
|c General Shelf
|
| 942 |
|
|
|2 ddc
|c AV
|
| 952 |
|
|
|0 0
|1 0
|2 ddc
|4 0
|6 428_600000000000000_LIT
|7 0
|9 20337
|a BRACUL
|b BRACUL
|d 2012-05-31
|e Karim International
|l 0
|o 428.6 LIT
|p 3010025114
|r 2012-05-31
|t 1
|w 2012-05-31
|y BK
|x Transferred from BIL to BRACUL on 06/06/22
|